| 000 | 01678nam a22002417a 4500 | ||
|---|---|---|---|
| 999 |
_c350640 _d350640 |
||
| 001 | 64459 | ||
| 003 | UA-OsUOA | ||
| 005 | 20230504161305.0 | ||
| 007 | ta | ||
| 008 | 20091105b un ||||| |||| 00| 0 ukr d | ||
| 040 |
_aUA-OsUOA _brus _cUA-OsUOA _dUA-OsUOA |
||
| 041 | _arus | ||
| 080 | _a94(477.75) | ||
| 090 |
_a94(477.75) _bК85 |
||
| 245 | _aКрым: прошлое и настоящее | ||
| 260 |
_aМ. _bМысль _c1988 |
||
| 300 | _a110 с. | ||
| 520 | _aКрымский полуостров, омываемый волами Черного и Азовского морей, имеет площадь 25,5 тыс. км^. Географически он расположен между 44®23' и 46°15' с. ш. и 32°30' и 36°40' в. д. Полуостров соединяется на севере с материком узким Перекопским перешейком. Восточнее перешейка лежит Сивашский залив, называемый Гнилым морем. Северо-западное побережье Крыма омывается водами Каркинитского залива. Основная часть Крыма обособлена от Керченского полуострова Акмонайским перешейком. Северо-Восточный Крым отделен от побережья Северного Кавказа тесным Керченским проливом. | ||
| 650 | 7 |
_a9 Географія. Біографії. Історія _2UDC |
|
| 942 |
_cBK _2udc |
||
| 955 | _a2 | ||